000 00616nam a2200241 a 4500
001 nice12345678
003 IN_TiNIC
005 20260116013509.0
008 050524s1964 newa grp 000 0 eng
020 _a
_c171.5
082 0 0 _a261.2
_bMCK
100 _aMc Kain, David W
245 _aChristianity
_b Some Non-Christian Appraisals
260 _aNew York
_bMcgraw-Hill Book Co
_c1964
300 _a289p
500 _aincludes index and biblioraphy
505 2 _aNotes
650 _aChristianity and Other Religions
700 1 _aMc Kain, David W
902 _bSRS
942 _cBK
999 _c11218
_d11218